[Event "Rapid"]
[Site "SchemingMind.com"]
[Date "2014.01.24"]
[Round "-"]
[White "kenneth m day"]
[Black "fouche"]
[Result "0-1"]
[WhiteCountry "USA"]
[BlackCountry "COL"]
[WhiteElo "1767"]
[WhiteRD "48"]
[BlackElo "1630"]
[BlackRD "64"]
[GameID "346359"]

1. e4 e6 2. d4 d5 3. Nd2 dxe4 4. Nxe4 Nf6 5. Bd3 Be7 6. Nf3 O-O 7. Bg5 Nbd7 8. h4 h6 9. Be3 a6 10. Qd2 Nxe4
11. Bxe4 Nf6 12. Bd3 b5 13. Ne5 Bb7 14. Rg1 Nd7 15. Nxd7 Qxd7 16. Bxh6 Bf6 17. Bg5 Qxd4 18. Bxf6 Qxf6 19. O-O-O c5 20. g4 Bf3
21. Rde1 c4 22. Be2 Rad8 23. Qe3 Bxe2 24. Qxe2 Rd5 25. g5 Qf4+ 26. Qe3 Qxe3+ 27. Rxe3= Rfd8 28. h5 Rd2 29. f4 Rf2 30. Re4 Rdd2
31. Rd1 Rxc2+ 32. Kb1 Rxb2+ 33. Ka1 Rxa2+ 34. Kb1 c3 35. Rd8+ Kh7 36. Rd7 Rfb2+
0-1

[Event "Rapid"]
[Site "SchemingMind.com"]
[Date "2014.01.24"]
[Round "-"]
[White "fouche"]
[Black "kenneth m day"]
[Result "1/2-1/2"]
[WhiteCountry "COL"]
[BlackCountry "USA"]
[WhiteElo "1630"]
[WhiteRD "64"]
[BlackElo "1767"]
[BlackRD "48"]
[GameID "346360"]

1. d4 Nf6 2. c4 e6 3. Nc3 Bb4 4. Nf3 b6 5. e3 Bb7 6. Be2 O-O 7. Bd2 c5 8. O-O Nc6 9. a3 Bxc3 10. Bxc3 Re8
11. Qc2 d5 12. cxd5 Qxd5 13. dxc5 Qxc5 14. Rac1 Qe7 15. e4 Rac8 16. h3 Red8 17. Qb1 Rd7 18. Rfd1 Rcd8 19. Rxd7 Rxd7 20. Bb5 Rc7
21. Bb4 Qd8 22. e5 Nd5 23. Bd6 Rc8 24. Bxc6 Bxc6 25. Nd4 Qd7 26. b4 f6 27. b5 Bb7 28. Rxc8+ Bxc8 29. Nc6 fxe5 30. Bxe5 Ne7
31. Qc2 Bb7 32. Nxe7+ Qxe7 33. Qc7 Qxc7 34. Bxc7 Kf7=
1/2-1/2

[Event "Rapid"]
[Site "SchemingMind.com"]
[Date "2014.01.31"]
[Round "-"]
[White "emvarela"]
[Black "fouche"]
[Result "1/2-1/2"]
[WhiteCountry "ARG"]
[BlackCountry "COL"]
[WhiteElo "1732"]
[WhiteRD "45"]
[BlackElo "1628"]
[BlackRD "63"]
[GameID "346482"]

1. e4 e6 2. d4 d5 3. Nc3 dxe4 4. Nxe4 Nf6 5. Nxf6+ Qxf6 6. Nf3 Bd6 7. Bg5 Qg6 8. Bd3 f5 9. g3 Nd7 10. Qd2 O-O
11. Bf4 b6 12. O-O-O Bb7 13. Nh4 Qf7 14. Bxd6 cxd6 15. Rhe1 Rac8 16. f4 Rfe8 17. c3 a6 18. Qe2 b5 19. g4 fxg4 20. Qxg4 b4
21. c4 a5 22. b3 Nf6 23. Qg5 Nd5 24. Kb2 Ne7 25. f5 Nxf5 26. Bxf5 exf5 27. Nxf5 Kh8 28. Rxe8+ Rxe8 29. Nxd6 Re2+ 30. Rd2 Rxd2+
31. Qxd2 Qd7 32. Nxb7 Qxb7 33. Qe2 h6 34. Qe8+ Kh7 35. d5 Qc7 36. Qe2 Qf4 37. Qc2+ Kg8 38. Kb1 Qf1+ 39. Kb2 Qf6+ 40. Kc1 Qf4+
41. Qd2 Qf1+ 42. Qd1 Qf4+ 43. Qd2 Qf1+ 44. Kc2 Qf5+ 45. Qd3 Qf2+ 46. Qd2=
1/2-1/2

[Event "Rapid"]
[Site "SchemingMind.com"]
[Date "2014.01.31"]
[Round "-"]
[White "emvarela"]
[Black "kenneth m day"]
[Result "0-1"]
[WhiteCountry "ARG"]
[BlackCountry "USA"]
[WhiteElo "1674"]
[WhiteRD "46"]
[BlackElo "1767"]
[BlackRD "48"]
[GameID "346483"]

1. Nf3 d5 2. d4 Nf6 3. e3 Nc6 4. Nc3 Bf5 5. Bd3 Bg4 6. h3 Bd7 7. O-O e6 8. e4 dxe4 9. Nxe4 Be7 10. Nxf6+ Bxf6
11. Be3 O-O 12. c3 Re8 13. Re1 e5 14. dxe5 Nxe5 15. Nxe5 Bxe5 16. Qh5 g6 17. Qf3 Bc6 18. Be4 Bxe4 19. Qxe4 Bh2+
0-1

[Event "Rapid"]
[Site "SchemingMind.com"]
[Date "2014.01.31"]
[Round "-"]
[White "fouche"]
[Black "emvarela"]
[Result "1-0"]
[WhiteCountry "COL"]
[BlackCountry "ARG"]
[WhiteElo "1630"]
[WhiteRD "64"]
[BlackElo "1674"]
[BlackRD "46"]
[GameID "346484"]

1. d4 Nf6 2. c4 e6 3. Bg5 Bb4+ 4. Nc3 O-O 5. Nf3 h6 6. Bh4 d5 7. cxd5 exd5 8. e3 Bg4 9. Be2 Bxf3 10. Bxf3 Nbd7
11. Rc1 Bxc3+ 12. bxc3 c6 13. O-O Qa5 14. Qc2 c5 15. c4 cxd4 16. exd4 dxc4 17. Qxc4 Rac8 18. Qb3 b6 19. Rfd1 g5 20. Bg3 Rxc1
21. Rxc1 Re8 22. h3 Re1+ 23. Rxe1 Kg7 24. Rc1 Kg6 25. Rc7
1-0

[Event "Rapid"]
[Site "SchemingMind.com"]
[Date "2014.01.31"]
[Round "-"]
[White "kenneth m day"]
[Black "emvarela"]
[Result "1-0"]
[WhiteCountry "USA"]
[BlackCountry "ARG"]
[WhiteElo "1767"]
[WhiteRD "48"]
[BlackElo "1674"]
[BlackRD "46"]
[GameID "346485"]

1. e4 e5 2. Nf3 Nc6 3. c3 Nf6 4. d4 exd4 5. e5 Qe7 6. cxd4 Nd5 7. Be2 d6 8. O-O dxe5 9. dxe5 Be6 10. Bg5 f6
11. exf6 Nxf6 12. Nc3 h6 13. Bf4 Qd7 14. Qxd7+ Kxd7 15. Rfd1+ Bd6 16. Nb5 Ne8 17. Rd2 a6 18. Nxd6 Nxd6 19. b3 Rhd8 20. Rad1 Ke7
21. Nd4 Nxd4 22. Rxd4 Nf5 23. Rxd8
1-0

[Event "Rapid"]
[Site "SchemingMind.com"]
[Date "2014.01.31"]
[Round "-"]
[White "Scooter"]
[Black "fouche"]
[Result "1-0"]
[WhiteCountry "USA"]
[BlackCountry "COL"]
[WhiteElo "1731"]
[WhiteRD "46"]
[BlackElo "1630"]
[BlackRD "64"]
[GameID "346813"]

1. d4 f5 2. Nf3 Nf6 3. Bf4 e6 4. h3 Be7 5. e3 h6 6. Be2 c6 7. O-O O-O 8. Nbd2 Na6 9. Bxa6 bxa6 10. c3 Bb7
11. Ne5 d6 12. Ng6 Rf7 13. Qb3 Qc7 14. Qxe6 Re8 15. Nxe7+ Qxe7 16. Qxd6 Qxd6 17. Bxd6 Ne4 18. Nxe4 fxe4 19. Bc5 Bc8 20. Rad1 Rf6
21. Bxa7 a5 22. Bb6 a4 23. Bc5 Ba6 24. Rfe1 Bd3 25. f3 Kf7 26. fxe4 Bxe4 27. a3 Rg6 28. Rd2 Ree6 29. Rf2+ Kg8 30. Kh2 Rg5
31. g3 Reg6 32. g4 h5 33. Rf4 hxg4 34. Rxe4 gxh3 35. Re8+ Kh7 36. Re2 Rg2+ 37. Rxg2 Rxg2+ 38. Kxh3 Rxb2 39. Kg4 Rc2 40. Bb4 Rg2+
41. Kf3 Rg6 42. Ra8 Rf6+ 43. Ke2 Kg6 44. Rxa4
1-0

[Event "Rapid"]
[Site "SchemingMind.com"]
[Date "2014.02.05"]
[Round "-"]
[White "Scooter"]
[Black "emvarela"]
[Result "1-0"]
[WhiteCountry "USA"]
[BlackCountry "ARG"]
[WhiteElo "1731"]
[WhiteRD "46"]
[BlackElo "1674"]
[BlackRD "46"]
[GameID "346814"]

1. d4 d5 2. Nf3 Nf6 3. Bf4 e6 4. e3 Bd6 5. Bxd6 Qxd6 6. c3 c5 7. Bb5+ Bd7 8. Bxd7+ Nbxd7 9. O-O cxd4 10. exd4 O-O
11. Nbd2 e5 12. dxe5 Nxe5 13. Nxe5 Qxe5 14. Nf3 Qd6 15. Re1 Rfe8 16. Nd4 Rxe1+ 17. Qxe1 a6 18. Rd1 Re8 19. Qd2 Qb6 20. Nf5 Ne4
21. Qd4 Qxb2 22. Qxg7#
1-0

[Event "Rapid"]
[Site "SchemingMind.com"]
[Date "2014.01.31"]
[Round "-"]
[White "Scooter"]
[Black "kenneth m day"]
[Result "0-1"]
[WhiteCountry "USA"]
[BlackCountry "USA"]
[WhiteElo "1731"]
[WhiteRD "46"]
[BlackElo "1767"]
[BlackRD "48"]
[GameID "346815"]

1. d4 Nf6 2. Nf3 d6 3. Bf4 g6 4. h3 Bg7 5. e3 O-O 6. Be2 c5 7. c3 Nc6 8. O-O cxd4 9. cxd4 Re8 10. a3 Nd5
11. Bg3 a6 12. Bc4 Nf6 13. Nbd2 b5 14. Ba2 Bb7 15. Bxf7+ Kxf7 16. Ng5+ Kg8 17. Qb3+ d5 18. Ne6 Qd7 19. Nxg7 Kxg7 20. Rac1 Rac8
21. Qa2 e5 22. dxe5 Nxe5 23. Bxe5 Rxe5 24. Nf3 Ree8 25. b4 Qf5 26. Nd4 Qe5 27. a4 Ne4 28. axb5 axb5 29. Nxb5 Ra8 30. Qe2 Ba6
0-1

[Event "Rapid"]
[Site "SchemingMind.com"]
[Date "2014.01.31"]
[Round "-"]
[White "fouche"]
[Black "Scooter"]
[Result "0-1"]
[WhiteCountry "COL"]
[BlackCountry "USA"]
[WhiteElo "1630"]
[WhiteRD "64"]
[BlackElo "1731"]
[BlackRD "46"]
[GameID "346816"]

1. e4 c6 2. d4 d5 3. exd5 cxd5 4. c4 dxc4 5. Nf3 Bg4 6. Bxc4 e6 7. O-O Bxf3 8. gxf3 Nf6 9. Bg5 Be7 10. Nc3 O-O
11. f4 Nc6 12. a3 Qxd4 13. Ba2 Rad8 14. Qf3 a6 15. Rad1 Qb6 16. b4 h6 17. Bh4 Nd4 18. Qe3 Ng4 19. Qg3 Bxh4 20. Qxg4 Bf6
21. Ne4 Be7 22. Kg2 Nf5 23. Rxd8 Rxd8 24. Rc1 Nh4+ 25. Kg1 Qd4 26. Ng3 Qd2 27. Rf1 Qxa2 28. Nh5 Qb2 29. Kh1 Qc3 30. Rg1 g6
31. h3 Qc6+ 32. Kh2 Nf3+
0-1

[Event "Rapid"]
[Site "SchemingMind.com"]
[Date "2014.02.05"]
[Round "-"]
[White "emvarela"]
[Black "Scooter"]
[Result "0-1"]
[WhiteCountry "ARG"]
[BlackCountry "USA"]
[WhiteElo "1732"]
[WhiteRD "45"]
[BlackElo "1732"]
[BlackRD "47"]
[GameID "346817"]

1. Nf3 Nf6 2. g3 g6 3. Bg2 Bg7 4. O-O O-O 5. c4 d6 6. d4 Bg4 7. Nc3 Bxf3 8. Bxf3 c6 9. e4 Nbd7 10. Be3 e5
11. d5 c5 12. Qd2 a6 13. Bg2 Rb8 14. f4 exf4 15. Bxf4 Ne5 16. Bxe5 dxe5 17. d6 Qd7 18. Rad1 Rfd8 19. Qg5 Ne8 20. Nd5 f6
21. Qe3 Nxd6 22. Qxc5 Rbc8 23. Qf2 Qf7 24. Nxf6+ Bxf6 25. Qxf6 Qxf6 26. Rxf6 Nxc4 27. Rxd8+ Rxd8 28. b3 Ne3 29. Bh3 Rd1+ 30. Kf2 Nc2
31. Be6+ Kg7 32. Rf7+ Kh6 33. Ke2 Rh1 34. Bc4 Rxh2+ 35. Kd3 Ne1+ 36. Kc3 a5 37. Rxb7 Rc2#
0-1

[Event "Rapid"]
[Site "SchemingMind.com"]
[Date "2014.01.31"]
[Round "-"]
[White "kenneth m day"]
[Black "Scooter"]
[Result "1/2-1/2"]
[WhiteCountry "USA"]
[BlackCountry "USA"]
[WhiteElo "1767"]
[WhiteRD "48"]
[BlackElo "1731"]
[BlackRD "46"]
[GameID "346818"]

1. e4 e5 2. Nf3 Nc6 3. c3 Bc5 4. d4 exd4 5. cxd4 Bb4+ 6. Bd2 Bxd2+ 7. Nbxd2 d6 8. Bb5 Bd7 9. O-O a6 10. Ba4 Nge7
11. Rc1 O-O 12. Re1 b5 13. Bb3 Bg4 14. h3 Bxf3 15. Nxf3 Na5 16. Bc2 Nc4 17. Rb1 c5 18. Qd3 g6 19. Nd2 Nxd2 20. Qxd2 c4
21. Qg5 Nc6 22. Qxd8 Raxd8 23. Rbd1 Nb4 24. Bb1 Rfe8 25. a3 Nc6 26. f4 f6 27. g4 Kf7 28. d5 Nb8 29. Rd2 Nd7 30. Rf2 Nc5
31. Rfe2=
1/2-1/2

[Event "Rapid"]
[Site "SchemingMind.com"]
[Date "2014.01.31"]
[Round "-"]
[White "simpet"]
[Black "fouche"]
[Result "0-1"]
[WhiteCountry "ENG"]
[BlackCountry "COL"]
[WhiteElo "1641"]
[WhiteRD "54"]
[BlackElo "1644"]
[BlackRD "73"]
[GameID "346854"]

1. e4 e5 2. Bb5 c6 3. Ba4 b5 4. Bb3 Nf6 5. d3 Bc5 6. Nf3 d6 7. Ng5 O-O 8. O-O a5 9. a3 Ra7 10. h3 h6
11. Nf3 Nbd7 12. c3 Bb7 13. Bd2 Bb6 14. Qc1 d5 15. Bxh6 Nh7 16. Be3 dxe4 17. dxe4 Qc7 18. Ng5 Ndf6 19. Qe1 c5 20. f3 c4
21. Ba2 Nxg5 22. Kh1 Ne6 23. Nd2 Bxe3 24. Qxe3 Ba6 25. Rad1 Rd8 26. Bb1 Nf4 27. Kh2 Rd6 28. g3 Nd3 29. Bxd3 Rxd3 30. Qg5 Bc8
31. Nb1 Qd6 32. h4 b4 33. h5 Rxd1 34. h6 Ne8 35. Rxd1 Qxd1 36. Qxe5 Qd7
0-1

[Event "Rapid"]
[Site "SchemingMind.com"]
[Date "2014.02.05"]
[Round "-"]
[White "simpet"]
[Black "emvarela"]
[Result "0-1"]
[WhiteCountry "ENG"]
[BlackCountry "ARG"]
[WhiteElo "1622"]
[WhiteRD "54"]
[BlackElo "1674"]
[BlackRD "46"]
[GameID "346855"]

1. e4 e5 2. Bc4 Nf6 3. d3 c6 4. Nf3 d6 5. Ng5 d5 6. exd5 cxd5 7. Bb3 h6 8. Nf3 Nc6 9. O-O Be6 10. Re1 Bd6
11. Nc3 O-O 12. Ne2 Qe7 13. Ng3 d4 14. Bxe6 Qxe6 15. Nh4 Rfe8 16. Nhf5 Ne7 17. Nxd4 Qd5 18. Ndf5 Nxf5 19. Nxf5 e4 20. Ne3 Qe5
21. Nc4 Qd5 22. Nxd6 Qxd6 23. Be3 exd3 24. cxd3 Rad8 25. d4 Nd5 26. Qf3 Nxe3 27. Rxe3 Rxe3 28. fxe3 Qb4 29. b3 b6 30. d5 Qd2
31. e4 Qd4+
0-1

[Event "Rapid"]
[Site "SchemingMind.com"]
[Date "2014.01.31"]
[Round "-"]
[White "simpet"]
[Black "Scooter"]
[Result "0-1"]
[WhiteCountry "ENG"]
[BlackCountry "USA"]
[WhiteElo "1641"]
[WhiteRD "54"]
[BlackElo "1705"]
[BlackRD "45"]
[GameID "346856"]

1. e4 c6 2. d4 d5 3. e5 Bf5 4. Nf3 h6 5. Bd3 Bxd3 6. Qxd3 e6 7. Be3 Nd7 8. Nbd2 c5 9. c3 cxd4 10. cxd4 Bb4
11. O-O Bxd2 12. Qxd2 Ne7 13. Nh4 Rc8 14. Rfc1 Nb6 15. b3 Rxc1+ 16. Rxc1 Nc6 17. a4 Qxh4 18. a5 Nd7 19. b4 O-O 20. b5 Ncb8
21. Rc7 a6 22. b6 Qe4 23. Qc1 Qd3 24. h3 Qb5 25. Bd2 Rd8 26. Rxb7 Nc6 27. Rc7 Nxd4 28. b7 Ne2+
0-1

[Event "Rapid"]
[Site "SchemingMind.com"]
[Date "2014.01.31"]
[Round "-"]
[White "simpet"]
[Black "kenneth m day"]
[Result "0-1"]
[WhiteCountry "ENG"]
[BlackCountry "USA"]
[WhiteElo "1622"]
[WhiteRD "54"]
[BlackElo "1767"]
[BlackRD "48"]
[GameID "346857"]

1. e4 e5 2. Bc4 Nf6 3. Nf3 Nc6 4. d3 d6 5. Ng5 d5 6. exd5 Nxd5 7. Qf3 Be6 8. Nc3 Be7 9. Nxe6 fxe6 10. Nxd5 exd5
11. Bxd5 Rf8 12. Qh5+ g6 13. Qxh7 Qxd5 14. Qxg6+ Kd8 15. f3 Rg8 16. Qh5 Kd7 17. O-O Rae8 18. Qf5+ Kd8 19. Be3 Ref8 20. Qe4 Qe6
21. d4 Qg6 22. Qxg6 Rxg6 23. dxe5 Nxe5 24. Bxa7 b6 25. Rfe1 Nc6 26. Bxb6 cxb6 27. Rad1+ Ke8 28. Re2 Rf7 29. Red2 Rxf3 30. c4 Bc5+
31. Kh1 Rf2 32. Re1+ Ne7 33. Rde2 Rgxg2 34. Rxf2 Rxf2
0-1

[Event "Rapid"]
[Site "SchemingMind.com"]
[Date "2014.01.31"]
[Round "-"]
[White "fouche"]
[Black "simpet"]
[Result "0-1"]
[WhiteCountry "COL"]
[BlackCountry "ENG"]
[WhiteElo "1644"]
[WhiteRD "73"]
[BlackElo "1641"]
[BlackRD "54"]
[GameID "346858"]

1. e4 e5 2. Nf3 Nc6 3. Bb5 d6 4. O-O Bd7 5. Re1 Be7 6. c3 a6 7. Ba4 b5 8. Bc2 Bg4 9. d4 Bf6 10. Be3 Nce7
11. Nbd2 Qd7 12. b3 Ng6 13. Qb1 Nh4 14. Nxh4 Bxh4 15. Nf1 Ne7 16. Bd1 Ng6 17. g3 Bf6 18. Bxg4 Qxg4 19. Qd1 Qh3 20. Qf3 O-O
21. Qg2 Qg4 22. d5 Be7 23. Rac1 f5 24. f3 Qh5 25. c4 fxe4 26. fxe4 Rf3 27. Rc2 Raf8 28. Rf2 Rxf2 29. Qxf2 Rxf2 30. Bxf2 Qg4
31. Nd2 Nf4 32. Kh1 Nh3 33. Bg1 Bg5 34. Re2 Qxe2
0-1

[Event "Rapid"]
[Site "SchemingMind.com"]
[Date "2014.02.05"]
[Round "-"]
[White "emvarela"]
[Black "simpet"]
[Result "1-0"]
[WhiteCountry "ARG"]
[BlackCountry "ENG"]
[WhiteElo "1732"]
[WhiteRD "45"]
[BlackElo "1632"]
[BlackRD "55"]
[GameID "346859"]

1. e4 e5 2. Nf3 Nc6 3. Bb5 Bc5 4. O-O d6 5. Bxc6+ bxc6 6. d3 Bg4 7. h3 Bh5 8. g4 Bg6 9. Qe2 f6 10. Be3 Bb6
11. Bxb6 cxb6 12. Nfd2 Ne7 13. f4 O-O 14. f5 Bf7 15. Nf3 d5 16. c4 d4 17. Nbd2 a6 18. b4 a5 19. bxa5 Rxa5 20. Nb3 Ra4
21. Qc2 Qa8 22. Rfb1 Rb8 23. g5 Bh5 24. gxf6 Bxf3 25. fxe7 Kf7 26. Qf2 Bh5 27. Qh4 Be2 28. Qxh7 Bxd3 29. Qg6+ Kxe7 30. Qxg7+ Kd6
31. Qf6+ Kd7 32. Qe6+ Kc7 33. Qxe5+
1-0

[Event "Rapid"]
[Site "SchemingMind.com"]
[Date "2014.01.31"]
[Round "-"]
[White "Scooter"]
[Black "simpet"]
[Result "0-1"]
[WhiteCountry "USA"]
[BlackCountry "ENG"]
[WhiteElo "1705"]
[WhiteRD "45"]
[BlackElo "1641"]
[BlackRD "54"]
[GameID "346860"]

1. d4 Nf6 2. Bf4 e6 3. Nf3 Nc6 4. e3 Nh5 5. Bg5 Be7 6. Bxe7 Qxe7 7. c3 Nf6 8. Be2 b6 9. O-O Bb7 10. Nbd2 O-O
11. Re1 e5 12. dxe5 Nxe5 13. Nxe5 Qxe5 14. Nf3 Qe6 15. Nd4 Qe5 16. Bf3 Bxf3 17. Nxf3 Qb5 18. Qb3 Qxb3 19. axb3 d5 20. Nd4 c5
21. Nc6 Rfe8 22. Rxa7 Rxa7 23. Nxa7 Ra8 24. Nc6 Ra2 25. c4 Rxb2 26. cxd5 Rd2 27. b4 c4 28. f3 Nxd5 29. e4 Nf4 30. g3 Nh3+
31. Kh1 c3 32. Ra1 h6 33. Ne7+ Kh7 34. Nd5 c2 35. Nc3 Nf2+ 36. Kg1 Nd1
0-1

[Event "Rapid"]
[Site "SchemingMind.com"]
[Date "2014.02.01"]
[Round "-"]
[White "kenneth m day"]
[Black "simpet"]
[Result "0-1"]
[WhiteCountry "USA"]
[BlackCountry "ENG"]
[WhiteElo "1767"]
[WhiteRD "48"]
[BlackElo "1622"]
[BlackRD "54"]
[GameID "346861"]

1. e4 e5 2. f4 Nc6 3. Nf3 Bc5 4. Bb5 Nge7 5. Nc3 Nd4 6. Nxe5 O-O 7. d3 Nxb5 8. Nxb5 d6 9. Nc4 f5 10. Qf3 a6
11. Nc3 fxe4 12. dxe4 Ng6 13. Be3 Bxe3 14. Qxe3 Rxf4 15. O-O-O Bg4 16. Rdf1 Rf8 17. h3 Be6 18. Nd5 b5 19. Na5 Rc8 20. Nc6 Qd7
21. Nd4 Bxd5 22. exd5 Rce8 23. Rxf8+ Nxf8 24. Qg3 Ng6 25. h4 Ne5 26. Rf1 Qg4 27. Qxg4 Nxg4 28. Ne6 Ne3 29. Nxc7 Rc8 30. Re1 Nxg2
31. Re8+ Rxe8 32. Nxe8 Ne3 33. Nxd6 Nxd5 34. c3 g6 35. Kd2 Nf4 36. b3 Ng2 37. c4 bxc4 38. bxc4 Kf8 39. c5 Ke7 40. Kd3 Nxh4
41. Ke4 Nf5 42. Nc4 Kd7 43. Ne5+ Kc7 44. Kd5 Ne7+ 45. Kc4 h5 46. Nf3 Nf5 47. Ng5 Kc6 48. a4 a5 49. Nf7 Ne7 50. Ne5+ Kc7
51. Kd4 Nc6+
0-1

[Event "Rapid"]
[Site "SchemingMind.com"]
[Date "2014.02.13"]
[Round "-"]
[White "fouche"]
[Black "Simon Green"]
[Result "1-0"]
[WhiteCountry "COL"]
[BlackCountry "ENG"]
[WhiteElo "1630"]
[WhiteRD "64"]
[BlackElo "1602"]
[BlackRD "54"]
[GameID "347804"]

1. d4 e6 2. c4 d5 3. Nc3 Nf6 4. Nf3 Bb4 5. e3 O-O 6. Bd3 c6 7. cxd5 exd5 8. O-O Bxc3 9. bxc3 Be6 10. a4 Nbd7
11. c4 Ne4 12. Re1 f5 13. cxd5 Bxd5 14. Nd2 Qf6 15. Ba3 Rf7 16. Nxe4 fxe4 17. Bf1 Qxf2+ 18. Kh1 Nb6 19. Re2 Qf5 20. a5 Nc4
21. Bc5 Qd7 22. g3 Qg4 23. Bg2 Qd7 24. Qc2 Qe6 25. h4 a6 26. Rf1 Rxf1+ 27. Bxf1 Qg4 28. Kh2 Nxa5 29. Rf2 Nc4 30. Rf4 Nxe3
31. Qf2 Nxf1+ 32. Qxf1 Qe6 33. Rf8+ Rxf8 34. Qxf8#
1-0

[Event "Rapid"]
[Site "SchemingMind.com"]
[Date "2014.02.13"]
[Round "-"]
[White "Simon Green"]
[Black "fouche"]
[Result "1-0"]
[WhiteCountry "ENG"]
[BlackCountry "COL"]
[WhiteElo "1632"]
[WhiteRD "57"]
[BlackElo "1628"]
[BlackRD "63"]
[GameID "347805"]

1. d4 e6 2. e3 f5 3. Bd3 Nf6 4. f4 Nc6 5. Nf3 g6 6. c3 Bg7 7. O-O O-O 8. Nbd2 d5 9. Qe1 Ne4 10. Ne5 Nxe5
11. fxe5 b6 12. Bxe4 fxe4 13. b3 c5 14. Rxf8+ Qxf8 15. Ba3 Qe8 16. Qg3 Ba6 17. c4 Rc8 18. Rf1 Rc7 19. Bb2 Rf7 20. Rxf7 Qxf7
21. Qf2 cxd4 22. exd4 Qf5 23. Qxf5 gxf5 24. Kf2 dxc4 25. Nxc4 Bxc4 26. bxc4 Kf8 27. Ke3 Ke7 28. h4 Bh6+ 29. Ke2 Bf4 30. d5 h5
31. d6+ Kd7 32. Ba3 Bg3 33. c5 bxc5 34. Bxc5 Bxh4 35. Bxa7 Bd8 36. Be3 Bh4 37. a4 Bd8 38. Kd2 Ba5+ 39. Kc2 Kc6 40. Kb3 Kd5
41. Bf4 Kd4 42. Bg3 Bd2 43. d7 Ba5 44. Bh4 f4 45. d8=Q+ Bxd8 46. Bxd8 f3 47. gxf3 exf3 48. Bh4 Kxe5 49. Kb4 Kd4 50. a5 e5
51. a6 e4 52. a7 e3 53. a8=Q f2 54. Qa7+ Ke4 55. Bxf2
1-0

[Event "Rapid"]
[Site "SchemingMind.com"]
[Date "2014.02.17"]
[Round "-"]
[White "emvarela"]
[Black "Simon Green"]
[Result "1-0"]
[WhiteCountry "ARG"]
[BlackCountry "ENG"]
[WhiteElo "1753"]
[WhiteRD "48"]
[BlackElo "1624"]
[BlackRD "56"]
[GameID "347806"]

1. e4 e6 2. d4 d5 3. Nc3 Nf6 4. e5 Nfd7 5. f4 c5 6. dxc5 Bxc5 7. Nf3 Nc6 8. Bb5 O-O 9. Bxc6 bxc6 10. Nd4 Qb6
11. Nb3 Bf2+ 12. Kf1 Ba6+ 13. Ne2 Be3 14. Bxe3 Qxe3 15. Qd2 Bxe2+ 16. Qxe2 Qxf4+ 17. Ke1 Qxe5 18. Qxe5 Nxe5 19. Na5 Rab8 20. Rb1 Rfc8
21. Kd2 Rb5 22. Nb3 c5 23. Rhe1 f6 24. h3 Kf7 25. c3 c4 26. Nd4 Rb6 27. Re3 Nd3 28. b4 Ra6 29. Ra1 e5 30. Nf5 Nf4
31. Rg3 g6 32. Ne3 Rd6 33. Rd1 d4 34. Kc2 d3+ 35. Kd2 e4 36. a4 f5 37. Rf1 Nh5 38. Rg5 Kf6 39. Nxf5 Rd5 40. Rxh5 gxf5
41. g4 e3+ 42. Kxe3 Re8+ 43. Kd2 Re2+ 44. Kd1 Ree5 45. gxf5 Rxf5 46. Rfxf5+ Rxf5 47. Rxh7 Ke5 48. Rxa7 Ke4 49. Re7+ Kd5 50. a5 Rf1+
51. Re1 Rxe1+ 52. Kxe1 Ke4 53. a6
1-0

[Event "Rapid"]
[Site "SchemingMind.com"]
[Date "2014.02.17"]
[Round "-"]
[White "Simon Green"]
[Black "emvarela"]
[Result "1/2-1/2"]
[WhiteCountry "ENG"]
[BlackCountry "ARG"]
[WhiteElo "1632"]
[WhiteRD "57"]
[BlackElo "1732"]
[BlackRD "45"]
[GameID "347807"]

1. d4 g6 2. e3 Bg7 3. Bd3 f5 4. f4 Nf6 5. Nf3 b6 6. O-O O-O 7. Nbd2 Bb7 8. c3 d5 9. Qe1 Nbd7 10. Ne5 Nxe5
11. fxe5 Ne4 12. Nxe4 fxe4 13. Be2 Rxf1+ 14. Qxf1 Qf8 15. Qxf8+ Rxf8 16. Bd2 c5 17. b3 Bh6 18. Rd1 cxd4 19. exd4 Bxd2 20. Rxd2 Rc8
21. c4 e6 22. Kf2 h5 23. Ke3 Kf7 24. h4 Ba6 25. Rc2 dxc4 26. Bxc4 Bb7 27. Rf2+ Ke7 28. Rf6 Bd5 29. Bxd5 exd5 30. Rxg6 Rc3+
31. Kf4 Rd3 32. Rd6 Rxd4 33. Rh6 e3+ 34. Kxe3 Rxh4 35. g3 Re4+ 36. Kd3 Rxe5 37. Kd4 Rg5 38. a4 Rg4+ 39. Kxd5 Rxg3 40. Rxh5 Rxb3
41. Rh7+ Kd8=
1/2-1/2

[Event "Rapid"]
[Site "SchemingMind.com"]
[Date "2014.02.13"]
[Round "-"]
[White "Scooter"]
[Black "Simon Green"]
[Result "0-1"]
[WhiteCountry "USA"]
[BlackCountry "ENG"]
[WhiteElo "1705"]
[WhiteRD "45"]
[BlackElo "1591"]
[BlackRD "55"]
[GameID "347808"]

1. d4 e6 2. Nf3 d5 3. Bf4 Nf6 4. h3 c5 5. c3 c4 6. Nbd2 Nc6 7. e3 Be7 8. Be2 O-O 9. O-O b5 10. Ne5 Nxe5
11. Bxe5 Bd6 12. Nf3 Ne8 13. b4 f6 14. Bxd6 Qxd6 15. a4 Bd7 16. axb5 Bxb5 17. Ra5 a6 18. Qa1 Nc7 19. Nd2 e5 20. dxe5 fxe5
21. Rd1 Qf6 22. e4 Qxf2+
0-1

[Event "Rapid"]
[Site "SchemingMind.com"]
[Date "2014.02.13"]
[Round "-"]
[White "Simon Green"]
[Black "Scooter"]
[Result "0-1"]
[WhiteCountry "ENG"]
[BlackCountry "USA"]
[WhiteElo "1591"]
[WhiteRD "55"]
[BlackElo "1705"]
[BlackRD "45"]
[GameID "347809"]

1. d4 Nf6 2. e3 g6 3. Bd3 Bg7 4. f4 O-O 5. Nf3 d6 6. O-O Bg4 7. Qe1 Bxf3 8. Rxf3 Nbd7 9. Nd2 Re8 10. b3 e5
11. fxe5 dxe5 12. Ne4 exd4 13. exd4 Nxe4 14. Bxe4 Bxd4+ 15. Kf1 Bxa1 16. Qf2 Rxe4 17. Rxf7 Nf6 18. Bh6 Qd1+
0-1

[Event "Rapid"]
[Site "SchemingMind.com"]
[Date "2014.02.12"]
[Round "-"]
[White "kenneth m day"]
[Black "Simon Green"]
[Result "1-0"]
[WhiteCountry "USA"]
[BlackCountry "ENG"]
[WhiteElo "1756"]
[WhiteRD "49"]
[BlackElo "1591"]
[BlackRD "55"]
[GameID "347810"]

1. e4 e6 2. d4 d5 3. Nd2 Nf6 4. e5 Nfd7 5. Bd3 c5 6. c3 c4 7. Bc2 Be7 8. Ndf3 f5 9. exf6 Nxf6 10. Ne5 O-O
11. Ngf3 Nbd7 12. Bg5 Nxe5 13. Nxe5 Nd7 14. Qh5 h6 15. Qg6
1-0

[Event "Rapid"]
[Site "SchemingMind.com"]
[Date "2014.02.12"]
[Round "-"]
[White "Simon Green"]
[Black "kenneth m day"]
[Result "0-1"]
[WhiteCountry "ENG"]
[BlackCountry "USA"]
[WhiteElo "1602"]
[WhiteRD "54"]
[BlackElo "1767"]
[BlackRD "48"]
[GameID "347811"]

1. d4 d5 2. e3 Bf5 3. f4 Nf6 4. Nf3 h6 5. Bd3 Ne4 6. O-O Nd7 7. Nbd2 c5 8. Qe1 e6 9. c3 Be7 10. Bxe4 dxe4
11. Ne5 cxd4 12. exd4 Nxe5 13. fxe5 Bh4 14. Qe2 O-O 15. Nxe4 Qd5 16. Ng3 Bg6 17. Qg4 Be7 18. h4 Kh8 19. h5 Bh7 20. Bd2 f6
21. exf6 Bxf6 22. b3 Rad8 23. Be3 b5 24. Rf3 Rg8 25. Ne4 Qxe4 26. Qxe4 Bxe4 27. Rf2 a6 28. Rd1 Rgf8 29. Rdd2 Rd5 30. Bf4 Rxh5
31. Be5 Rf5 32. Bxf6 R8xf6 33. Rxf5 Rxf5 34. b4 Bd5 35. a3 Bc4 36. g3 Rf3
0-1

[Event "Rapid"]
[Site "SchemingMind.com"]
[Date "2014.02.12"]
[Round "-"]
[White "simpet"]
[Black "Simon Green"]
[Result "0-1"]
[WhiteCountry "ENG"]
[BlackCountry "ENG"]
[WhiteElo "1622"]
[WhiteRD "54"]
[BlackElo "1602"]
[BlackRD "54"]
[GameID "347812"]

1. e4 e6 2. Bc4 d5 3. exd5 exd5 4. Bb3 Nf6 5. Nf3 Bd6 6. d4 O-O 7. Bg5 Re8+ 8. Be3 c6 9. c3 Bf4 10. Qd2 Ne4
11. Qd3 Bxe3 12. fxe3 Bg4 13. Nbd2 Nxd2 14. Qxd2 Bxf3 15. gxf3 Qg5 16. O-O-O Nd7 17. f4 Qe7 18. Rhg1 f5 19. Rg5 Qxe3 20. Qxe3 Rxe3
21. Rdg1 g6 22. Bd1 Rae8 23. h4 Nf8 24. h5 Re1 25. hxg6 Rxg1 26. gxh7+ Kxh7 27. Rxg1 Ng6 28. Rf1 Re4 29. Bc2 Rxf4 30. Rxf4 Nxf4
31. Bxf5+ Kg7 32. Bc8 b6 33. Bb7 c5 34. dxc5 bxc5 35. Kd2 Kf6 36. Ke3 Ke5 37. Ba6 d4+ 38. cxd4+ cxd4+ 39. Kd2 Ke4 40. Bb7+ Ke5
41. b4 d3 42. b5 Kd4 43. Bc6 Ne2 44. a4 Nc3 45. a5 Nb1+ 46. Kc1 d2+ 47. Kc2 Ke3 48. b6 axb6 49. axb6 Ke2 50. Kxb1 d1=Q+
0-1